00854nam a2200265Ia 4500003000400000005001700004006001800021007000300039008004100042024001100083037001100094040001800105041001300123100003400136110008100170245011400251260000900365300001800374650002500392700003300417700002600450700008100476942001200557999001900569OSt20220930090245.0a|||||r|||| 00| 0ta220926b |||||||| |||| 00| 0 eng d a109111 cTheses aCRLcCRLbeng 2engaeng aBindra Gavinder Singh9541721 aUniversity of Delhi. Faculty of Medical Sciences. Department of Neurosurgery 0aFactors influencing visual outcome following direct transnasal transsphenoidal surgery for pituitary adenomas c2007 a96p.ap.ccm. aNEUROSCIENCES928635 a Dr. J. L. Goyal Gu.9532948 a Dr. Sanjiv Sinha Gu. aUniversity of Delhi. Faculty of Medical Sciences. Department of Neurosurgery cDIS2CC c880289d880289